Countries Ending With "-stan" - Statistics

General Stats
  • This quiz has been taken 28 times
  • The average score is 6 of 7
Answer Stats
Number Answer % Correct
6. Pakistan
96%
1. Uzbekistan
96%
7. Afghanistan
93%
5. Kazakhstan
93%
2. Tajikistan
93%
3. Turkmenistan
93%
4. Kyrgyzstan
33%
No matching quizzes found
Score Distribution
Percent of People with Each Score
Percentile by Number Answered
Your Score History
You have not taken this quiz